000 01220nac a22002651u 4500
090 _c5935
008 090128t xxu||||| |||| 00| 0 eng d
010 _a 00037686
020 _a0824702603 (alk. paper)
082 0 0 _a621.815
_bFIS
100 _aFisher, Franklin E.,
245 1 0 _aProbability applications in mechanical design /
_cFranklin E. Fisher, Joy R. Fisher.
260 _aNew York :
_bMarcel Dekker,
_cc2000.
300 _axi, 276 p. :
_bill. ;
_c24 cm.
490 1 _aMechanical engineering ;
_v128
504 _aIncludes bibliographical references and indexes.
650 0 _aMachine design
_xStatistical methods.
650 0 _aProbabilities.
700 1 _aFisher, Joy R.,
_d1940-
830 0 _aMechanical engineering (Marcel Dekker, Inc.) ;
856 4 2 _3Publisher description
_uhttp://www.loc.gov/catdir/enhancements/fy0647/00037686-d.html
942 _cBB
_k621.815FIS
_2ddc
999 _c5935
_d5935